Animaux en A - Statistiques

Statistiques générales
  • Ce quiz a été pris 352 fois
  • Le résultat moyen est 13 sur 155
Statistiques - réponses
hint answers % Correct
104 Ara
79%
107 Araignee
69%
53 Alligator
66%
77 Ane
66%
1 Abeille
65%
34 Ai
65%
75 Anaconda
61%
95 Antillope
59%
36 Aigle
56%
146 Autruche
54%
47 Albatros
39%
79 Anesse
37%
82 Anguille
37%
26 Agneau
35%
57 Alouette
34%
133 Asticot
30%
89 Anon
28%
59 Alpaga
23%
78 Anemone
22%
7 Acarien
19%
38 Aiglon
19%
40 Aigrette
18%
76 Anchois
15%
131 Aspic
15%
150 Axolotl
13%
151 Aye-Aye
13%
2 Able
11%
3 Ablette
10%
135 Atele
10%
17 Addax
8%
29 Agouti
8%
81 Angora
8%
50 Alevin
7%
110 Arapaima
7%
145 Autour
7%
37 Aiglefin
6%
105 Arabe
6%
149 Avocette
6%
28 Agnelle
5%
125 Arowana
5%
143 Aurochs
5%
147 Autruchon
5%
65 Amazone
4%
66 Amibe
4%
96 Aoutat
4%
123 Arlequin
4%
130 Aspe
4%
27 Agnelet
3%
39 Aiglonne
3%
56 Alouate
3%
120 Argus
3%
4 Abyssin
2%
8 Accenteur
2%
16 Ada
2%
43 Airedale
2%
46 Albacore
2%
51 Alezan
2%
54 Allosaure
2%
55 Alose
2%
64 Amarante
2%
67 Amie
2%
85 Ankylosaure
2%
90 Anophele
2%
102 Appaloosa
2%
118 Argiope
2%
119 Argonaute
2%
152 Ayu
2%
155 Azure
2%
10 Achigan
1%
14 Acrocanthosaure
1%
15 Actinie
1%
19 Affenpinscher
1%
21 Agame
1%
22 Agami
1%
31 Agrion
1%
41 Aiguillat
1%
49 Aleurode
1%
58 Alpaca
1%
68 Amiral
1%
84 Anhinga
1%
93 Anoure
1%
97 Apalis
1%
98 Apatosaure
1%
100 Apogon
1%
101 Apotre
1%
106 Aracari
1%
108 Araignee-crabe
1%
109 Araignee-loup
1%
111 Arapede
1%
113 Archeopteryx
1%
115 Ardennais
1%
117 Argentinosaure
1%
124 Aronde
1%
128 Ascalaphe
1%
134 Astrild
1%
139 Attacus
1%
141 Aubrac
1%
154 Azteque
1%
5 Acanthize
0%
6 Acanthocine
0%
9 Achetopse
0%
11 Acidalie
0%
12 Acoupa
0%
13 Acrobate
0%
18 Aepyornis
0%
20 Agace
0%
23 Agapanthie
0%
24 Agelene
0%
25 Aglossa
0%
30 Agrile
0%
32 Agriote
0%
33 Agrobate
0%
35 Aidi
0%
42 Aiolope
0%
44 Akalat
0%
45 Alapi
0%
48 Alcyon
0%
52 Algazelle
0%
60 Alternee
0%
61 Alyte
0%
62 Amadine
0%
63 Amakihi
0%
69 Ammomane
0%
70 Ammophile
0%
71 Amphineure
0%
72 Amphioxus
0%
73 Amphiprion
0%
74 Anabate
0%
80 Anglo-arabe
0%
83 Angwantibo
0%
86 Anomala
0%
87 Anomalocaris
0%
88 Anomoure
0%
91 Anoplotherium
0%
92 Anoploure
0%
94 Anserelle
0%
99 Aplysie
0%
103 Apterygote
0%
112 Araponga
0%
114 Architeuthis
0%
116 Argente
0%
121 Argynne
0%
122 Argyronete
0%
126 Artamie
0%
127 Artemia
0%
129 Aselle
0%
132 Astarte
0%
136 Atherine
0%
137 Atipa
0%
138 Atlantosaure
0%
140 Attagene
0%
142 Aulax
0%
144 Australopitheque
0%
148 Aviculaire
0%
153 Azawakh
0%
Aucun quiz correspondant
Distribution des résultats
% des personnes avec chaque résultat
Percentile par nombre de réponses
Votre historique - résultats
Vous n’avez pas pris ce quiz